Modern Indian education system / (Record no. 16712)

MARC details
000 -LEADER
fixed length control field 00941 a2200253 4500
005 - DATE AND TIME OF LATEST TRANSACTION
control field 20081014123653.0
008 - FIXED-LENGTH DATA ELEMENTS--GENERAL INFORMATION
fixed length control field 081014t xxu||||| |||| 00| 0 eng d
010 ## - LCCN (DPL NO)
LC control number ENG-91325
020 ## - INTERNATIONAL STANDARD BOOK NUMBER
International Standard Book Number 8173414645
Terms of availability 695.00
035 ## - SYSTEM CONTROL NUMBER
System control number EN-74858
037 ## - SOURCE OF ACQUISITION
Source of stock number/acquisition DBAD / PUB
040 ## - CATALOGING SOURCE
Original cataloging agency dpl
Language of cataloging English
082 ## - DEWEY DECIMAL CLASSIFICATION NUMBER
Classification number 370.954
245 ## - TITLE STATEMENT
Title Modern Indian education system /
Statement of responsibility, etc edited by Ramesh Gupta, Madan Mohan Bajaj [and] Bhooprem Yogi
260 ## - PUBLICATION, DISTRIBUTION, ETC. (IMPRINT)
Place of publication, distribution, etc Delhi
Name of publisher, distributor, etc Indian Publishers Distributors
Date of publication, distribution, etc 2008
270 ## - ADDRESS
Address 156-D, Kamla Nagar,
State or province Delhi
Postal code 110007
300 ## - PHYSICAL DESCRIPTION
Extent 324p.
Dimensions 22 cm (Hb)
650 ## - SUBJECT ADDED ENTRY--TOPICAL TERM
Topical term or geographic name as entry element Education
Geographic subdivision India
700 ## - ADDED ENTRY--PERSONAL NAME
Personal name Gupta, Ramesh
700 ## - ADDED ENTRY--PERSONAL NAME
Personal name Bajaj, Madan Mohan
700 ## - ADDED ENTRY--PERSONAL NAME
Personal name Yogi, Bhooprem
942 ## - ADDED ENTRY ELEMENTS (KOHA)
Institution code [OBSOLETE] dpl
Item type English Books
Source of classification or shelving scheme Dewey Decimal Classification
Call number suffix MOD
Classification part 370.954
Holdings
Withdrawn status Lost status Source of classification or shelving scheme Damaged status Not for loan Collection code Home library Current library Date acquired Source of acquisition Cost, normal purchase price Total Checkouts Full call number Barcode Date last seen Copy number Cost, replacement price Koha item type
    Dewey Decimal Classification   Not For Loan Non-fiction D.B.Act.Division D.B.Act.Division 14/10/2008 DBAD / PUB 695.00   370.954 MOD EN-74858 14/10/2008 1 695.00 English Books

© Delhi Public Library
Hit Counter
free hit counter